Drapeaux de pays avec le plus de bandes - Statistiques

Statistiques générales
  • Ce quiz a été pris 26 581 fois
  • Le résultat moyen est 6 sur 7
Statistiques - réponses
Par images Hint Réponse % Correct
13 États-Unis
99%
9 Grèce
98%
9 Uruguay
95%
14 Malaisie
88%
6 Ouganda
76%
11 Liberia
72%
7 Zimbabwe
61%
Aucun quiz correspondant
Distribution des résultats
% des personnes avec chaque résultat
Percentile par nombre de réponses
Votre historique - résultats
Vous n’avez pas pris ce quiz